000
00286nam a2200133Ia 4500
100
_a
Balagurusamy/E
942
_c
BK
654
_a
Fortran
245
_a
Fortran IV For Begineers
260
_b
Tata McGraw Hill
_a
New Delhi
_c
1985
082
_a
1.6
300
_a
188
546
_a
ENGLISH
999
_c
26281
_d
26281